000 00559nam a2200181Ia 4500
005 20250508164829.0
008 008 250505s9999 xx 000 0 eng d
037 _aDissertations
040 _aFEDL
_beng
_cFEDL
041 _aeng
_2eng
084 _a150, MIS/DI
_qFEDL
100 _aMishra Preeti
245 0 _aSelf, cognition and pedagogy : A perspective in Indian psychology based on the Bhagavad-Gita
260 _c2005
546 _aM.Phil Dissertation, (Delhi University)
942 _cDIS
_h150, MIS/DI
999 _c1391454
_d1391454